00739nam a2200241Ia 450000500170000000800460001703700110006304000080007404000080008204000080009004100080009804100080010608400080011410000470012224501080016926000090027730000100028665000140029670000710031094200070038199900210038895200880040920260430150005.0008 250103s9999 xx 000 0 eng d aTheses aCRL beng ceng 2eng aeng qCRL aMachutmi W S Au.; Aphun Kamei Gu.91236131 0aTribes and notion of Land: Changes in agrarian structure and social relation amongst the tangkhul nagas c2021 a268p. aSociology aUniversity of Delhi. Delhi school of Economics. Sociology91236132 cTH c1848672d1848672 00104070aCRLbCRLd2026-04-30l0pTH0026034r2026-04-30 15:00:05w2026-04-30yTH